000 00412 a2200097 4500
020 _a3908265010
920 _a3-908265-01-0
245 0 _aInternational Zurich Seminar on Digital Communications /
_cPlattner B., Guenzburger P..
710 2 _aIEEE Switzerland Chapter on Digital Communication Systems.
_eWydawca
_4pbl
260 _aZurich :
_bIEEE Switzerland Chapter on Digital Communication Systems,
_c1988.
300 _a272 s.:
_bil.;
_c30 cm.
999 _c6783
_d6783